Das Verhältniss der Nummulitformation zum Trachyt bei Vichnye (Eisenbach) nächst Schemnits / (Record no. 165938)

MARC details
000 -LEADER
campo de control de longitud fija 00712nam a22001695i 4500
001 - NÚMERO DE CONTROL
campo de control 165938
003 - IDENTIFICADOR DE NÚMERO DE CONTROL
campo de control ES-MaACL
005 - FECHA Y HORA DE LA ÚLTIMA TRANSACCIÓN
campo de control 20230906213231.0
008 - DATOS DE LONGITUD FIJA--INFORMACIÓN GENERAL
campo de control de longitud fija 050913s1880 hu | |||||||| ||ger d
040 ## - FUENTE DE CATALOGACIÓN
Centro catalogador/agencia de origen CAM
Lengua de catalogación spa
Centro/agencia transcriptor CAM
100 1# - ENTRADA PRINCIPAL--NOMBRE DE PERSONA
Nombre de persona Szabó, Josef.
9 (RLIN) 108980
245 13 - MENCIÓN DEL TÍTULO
Título Das Verhältniss der Nummulitformation zum Trachyt bei Vichnye (Eisenbach) nächst Schemnits /
Mención de responsabilidad, etc. von Josef Szabó.
260 ## - PUBLICACIÓN, DISTRIBUCIÓN, ETC.
Lugar de publicación, distribución, etc. Budapest :
Nombre del editor, distribuidor, etc. Gebruder Legrady,
Fecha de publicación, distribución, etc. 1880.
300 ## - DESCRIPCIÓN FÍSICA
Extensión 16 p. ;
Dimensiones 25 cm.
595 ## -
-- Separatabdruck aus dem "Földtani Közlöny", 9. Jahrgang, nummer 9-12.
852 ## - LOCALIZACIÓN
Ubicación ES-MaACL
Número de control de estantería T-900-F-8
Nota libre -- Enc. hol., falto de la enc. original
-- -- Legado de Federico de Botella y de Hornos
-- -- Enc. en un vol. facticio
Holdings
Estatus retirado Estado de pérdida Estado de daño No para préstamo Colección Biblioteca de origen Biblioteca actual Ubicación en estantería Fecha de adquisición Fuente de adquisición Total de préstamos Signatura topográfica completa Código de barras Visto por última vez Precio de reemplazo Tipo de ítem Koha
        Colección de folletos Biblioteca del Ateneo de Madrid Biblioteca del Ateneo de Madrid Depósito folletos 17/01/2008     T-900-F-8 1174023 23/02/2023 23/02/2023 Folleto